Nutrition for developing countries, (Record no. 19062)
[ view plain ]
| 000 -LEADER | |
|---|---|
| fixed length control field | 00431nam a2200133I 4500 |
| 040 ## - CATALOGING SOURCE | |
| Transcribing agency | CIN |
| 082 ## - DEWEY DECIMAL CLASSIFICATION NUMBER | |
| Classification number | 641 OXF 1972 C160 Or. |
| 245 00 - TITLE STATEMENT | |
| Title | Nutrition for developing countries, |
| Remainder of title | with special reference to the maize, cassava and millet areas of Africa |
| 260 0# - PUBLICATION, DISTRIBUTION, ETC. (IMPRINT) | |
| Place of publication | Nairobi, |
| Name of publisher | Oxford University Press, |
| Year of publication | 1972 |
| 300 ## - PHYSICAL DESCRIPTION | |
| Number of Pages | 1 v. (various pagings) |
| Other physical details | illus. |
| Dimensions | 25 cm |
| 650 #0 - SUBJECT ADDED ENTRY--TOPICAL TERM | |
| Topical Term | Nutrition |
| 700 10 - ADDED ENTRY--PERSONAL NAME | |
| Personal name | King, Maurice H. |
| 942 ## - ADDED ENTRY ELEMENTS (KOHA) | |
| Koha item type | ADB |
| 952 ## - LOCATION AND ITEM INFORMATION (KOHA) | |
| Withdrawn status [LOCAL, KOHA] | 0 |
| Koha item type | Source of acquisition | Lost status | Permanent Location | Current Location | Date acquired | Full call number |
|---|---|---|---|---|---|---|
| សៀវភៅភាសាអង់គ្លេស | A39107 | Library Block C | Library Block C | 2020-03-04 | 641 OXF 1972 C160 Or. |